পাশ্চাত্য দর্শন। (Record no. 4472)
[ view plain ]
| 000 -LEADER | |
|---|---|
| fixed length control field | 00611nam a2200145Ia 4500 |
| 008 - FIXED-LENGTH DATA ELEMENTS--GENERAL INFORMATION | |
| fixed length control field | 151213s9999 xx 000 0 und d |
| 100 ## - MAIN ENTRY--PERSONAL NAME | |
| Personal name | প্রমোদ বন্ধু সেনগুপ্ত। |
| 245 ## - TITLE STATEMENT | |
| Title | পাশ্চাত্য দর্শন। |
| Statement of responsibility, etc. | প্রমোদ বন্ধু সেনগুপ্ত। |
| 260 ## - PUBLICATION, DISTRIBUTION, ETC. (IMPRINT) | |
| Place of publication, distribution, etc. | পশ্চিম বঙ্গ। |
| Name of publisher, distributor, etc. | ব্যানার্জি পাবলিশারস্ |
| Date of publication, distribution, etc. | 1978 |
| 300 ## - PHYSICAL DESCRIPTION | |
| Extent | 8686 p. |
| 650 ## - SUBJECT ADDED ENTRY--TOPICAL TERM | |
| Topical term or geographic name as entry element | Bangla |
| 650 ## - SUBJECT ADDED ENTRY--TOPICAL TERM | |
| Topical term or geographic name as entry element | দর্শন |
| 700 ## - ADDED ENTRY--PERSONAL NAME | |
| Personal name | প্রমোদ বন্ধু সেনগুপ্ত। |
No items available.
